000 01028nam a2200289 i 4500
001 18234
003 ES-MaACL
005 20231221154107.0
007 t|
008 011016s2000 sp ||||1| spa d
020 _a84-323-1045-X
080 _a323.4(729.1)"18"
100 1 _aCasanovas Codina, Joan.
_936128
245 1 1 _a¡O pan, o plomo! :
_blos trabajadores urbanos y el colonialismo español en Cuba, 1850-1898 /
_cpor Joan Casanovas Codina ; prólogo de Nicolás Sánchez-Albornoz.
250 _a1ª ed. en español (corr. y act. respecto de la inglesa).
260 _aMadrid :
_bSiglo XXI de España,
_c2000.
300 _aXIX, 326 p. :
_bil. ;
_c24 cm.
490 1 _aHistoria
504 _aBibliografía: p. [279]-309.
650 0 4 _aClases sociales-
_zCuba.
_911112
650 4 _aEsclavitud-
_zCuba.
_9138905
650 4 _aMovimiento obrero-
_zCuba.
_915211
700 1 _aSánchez-Albornoz, Nicolás,
_d1926-
_9102442
830 1 _aHistoria
_9177536
852 _aES-MaACL
_jL-24949
999 _c18234
_d18234